00802nam a2200205 a 4500001001000000003000900010005001700019008004100036040002500077082001800102100002500120245008900145260006100234300003500295500005700330504003200387650005500419650005800474651006400532000006458DO-SdBNP20211124094743.0090831s2000 dr ac 000 0 spa d aDO-SdBNPbspacBNPHU a306.42bL925p1 aLópez Reyes, Oscar10aPerfil cultural de Barahona :bcostumbres, arte y literatura /cOscar López Reyes. aSanto Domingo :bPublicaciones del Banco Central,c2000. a215 p. :bil., retr. ;c24 cm. aIncluye datos biográficos del autor en las solapas aBibliografía : p. 211-215 4aBarahona, República DominicanaxVida intelectual 4aCiudades y pueblos zRepública Dominicana, Barahona 4aBarahona, República DominicanaxVida social y costumbres